| 000 | 006690000a22003010004500 | ||
|---|---|---|---|
| 005 | 20120302061301.0 | ||
| 942 | _cBOOK | ||
| 245 | _a Asiatic annual register-year 1809 | ||
| 260 | _aLondon:J.Debrett,1811 | ||
| 040 | _aENG | ||
| 365 | _bRs. | ||
| 650 | _aHistory | ||
| 650 | _aHindustan | ||
| 650 | _aPolitics | ||
| 650 | _aCommerce | ||
| 650 | _aLiterature | ||
| 650 | _aMiscellaneous | ||
| 650 | _aIndia | ||
| 650 | _aBengal occurrenees | ||
| 650 | _aMadras | ||
| 650 | _aBombay | ||
| 650 | _aPrince Wales Island | ||
| 650 | _aCeylon | ||
| 650 | _aHydrography | ||
| 650 | _aNatural history | ||
| 650 | _aHistory | ||
| 650 | _aBritish India | ||
| 999 |
_c353544 _d353541 |
||